000 00578nam a2200193Ia 4500
008 131103s9999 xx 000 0 und d
040 _aLoreto College
041 _aEnglish
082 _a843.91/PRO
_bLCLIB/11459
100 _aMaurois, Andre
245 4 _aThe quest for proust
_cAndre Maurois; Translated by Gerard Hopkins
260 _aHarmondsworth
_bPenguin Books
_c1962
300 _a343p.
_c 21cm.
504 _aIncludes biblographical references & index
650 _aFrench fiction
700 _aHopkins, Gerard ; tr.
850 _aLCLIB?843.91/PRO
942 _cBK
999 _c23888
_d74367